Cómo llegó el progreso a Huagrapampa : (Record no. 14079)
[ view plain ]
| 000 -CABECERA | |
|---|---|
| campo de control de longitud fija | 00917cam a2200229 a 4500 |
| 001 - NÚMERO DE CONTROL | |
| campo de control | 000014490 |
| 005 - FECHA Y HORA DE LA ÚLTIMA TRANSACCIÓN | |
| campo de control | 20200929163846.0 |
| 008 - DATOS DE LONGITUD FIJA--INFORMACIÓN GENERAL | |
| campo de control de longitud fija | 741014s1966 mx 000 0 spa |
| 040 ## - FUENTE DE LA CATALOGACIÓN | |
| Centro catalogador/agencia de origen | DO-SdBNP |
| Lengua de catalogación | spa |
| Centro/agencia transcriptor | LC |
| Centro/agencia modificador | BNPHU |
| 050 00 - SIGNATURA TOPOGRÁFICA DE LA BIBLIOTECA DEL CONGRESO | |
| Número de clasificación | HN110.5.Z9 |
| Número de documento/Ítem | C617 1966 |
| 082 ## - NÚMERO DE LA CLASIFICACIÓN DECIMAL DEWEY | |
| Número de clasificación | 309.25098 |
| Número de documento/Ítem | B932c |
| 049 ## - FONDOS LOCALES (OCLC) | |
| Fondos de biblioteca | BNGR |
| 100 1# - ENTRADA PRINCIPAL--NOMBRE DE PERSONA | |
| Nombre de persona | Buitrón, Aníbal. |
| 9 (RLIN) | 32720 |
| 245 10 - MENCIÓN DE TÍTULO | |
| Título | Cómo llegó el progreso a Huagrapampa : |
| Resto del título | guía práctica para los trabajadores del desarrollo de la comunidad / |
| Mención de responsabilidad, etc. | Aníbal Buitrón. |
| 260 ## - PUBLICACIÓN, DISTRIBUCIÓN, ETC. | |
| Lugar de publicación, distribución, etc. | México, D. F. : |
| Nombre del editor, distribuidor, etc. | Instituto Indigenista Interamericano, |
| Fecha de publicación, distribución, etc. | 1966. |
| 300 ## - DESCRIPCIÓN FÍSICA | |
| Extensión | xix, 121 p. ; |
| Dimensiones | 19 cm. |
| 490 1# - MENCIÓN DE SERIE | |
| Mención de serie | Instituto Indigenista Interamericano : |
| -- | Antropología Social, |
| Designación de volumen o secuencia | 4 |
| 504 ## - NOTA DE BIBLIOGRAFÍA, ETC. | |
| Nota de bibliografía, etc. | Bibliografía: p. 119-121. |
| 650 #0 - PUNTO DE ACCESO ADICIONAL DE MATERIA--TÉRMINO DE MATERIA | |
| Término de materia o nombre geográfico como elemento de entrada | Community development |
| Subdivisión geográfica | Latin America. |
| 9 (RLIN) | 32721 |
| 830 #0 - PUNTO DE ACCESO ADICIONAL DE SERIE-TÍTULO UNIFORME | |
| Título uniforme | Instituto Indigenista Interamericano : |
| Nombre de parte o sección de la obra | Antropología Social, |
| Designación de volumen o secuencia | 4 |
| 9 (RLIN) | 32722 |
| 910 ## - DATOS DE OPCIÓN DEL USUARIO (OCLC) | |
| Datos de opción del usuario | Catalogación por copia / LC |
| Estado de retiro | Estado de pérdida | Restricciones de uso | No para préstamo | Código de colección | Localización permanente | Ubicación/localización actual | Ubicación en estantería | Fecha de adquisición | Número de inventario | Total de préstamos | Signatura topográfica completa | Código de barras | Fecha visto por última vez | Precio válido a partir de | Tipo de ítem Koha |
|---|---|---|---|---|---|---|---|---|---|---|---|---|---|---|---|
| Préstamo interno | Monografías: Libros y Folletos | General | General | En catalogación | 11.01.2010 | LF1 | 309.25098 B932c | 14490-10 | 25.06.2020 | 25.06.2020 | Préstamo interno |
